| 000 | 01003nam a22003137a 4500 | ||
|---|---|---|---|
| 999 |
_c200431549 _d49761 |
||
| 001 | 200431549 | ||
| 003 | TR-AnTOB | ||
| 005 | 20251003160506.0 | ||
| 008 | 181121s2018 xxu 000 0 tur d | ||
| 020 | _a9786053122890 | ||
| 040 |
_aTR-AnTOB _beng _erda _cTR-AnTOB |
||
| 041 | _atur | ||
| 050 | _aQ143 | ||
| 090 |
_aQ143 _b.A9519 2018 |
||
| 245 | 1 | 0 |
_aAziz Sancar'ın kendi kaleminden hayatı ve bilimi / _cçeviren Mehmet Öztürk. |
| 246 | 3 | 0 | _aAziz Sancar'ın hayatı ve bilimi |
| 250 | _a1. basım : Eylül, 2018 | ||
| 264 | 1 |
_aAnkara ; _bTübitak, _c2018. |
|
| 300 |
_a111 pages : _billustrations ; _c24 cm |
||
| 336 |
_2rdacontent _atext _btxt |
||
| 337 |
_2rdamedia _aunmediated _bn |
||
| 338 |
_2rdacarrier _avolume _bnc |
||
| 490 | 0 |
_aTübitak Popüler bilim kitapları ; _v960 |
|
| 600 | 1 | 0 |
_aSancar, Aziz, _d1946- _9132449 |
| 650 | 0 |
_aBilim adamları _zTürkiye _vBiyografi _934652 |
|
| 700 | 1 |
_aÖztürk, Mehmet _etranslator _940526 |
|
| 942 |
_2lcc _cBK |
||